Nuestro hermano o la belleza de Jesús conocida a través de las sagradas escrituras

שמור ב:
מידע ביבליוגרפי
פורמט: ספר
שפה:ספרדית
יצא לאור: Santiago Carmen Valle 1939
נושאים:
תגים: הוספת תג
אין תגיות, היה/י הראשונ/ה לתייג את הרשומה!

MARC

LEADER 00000nam a2200000 a 4500
001 UCL4408
003 CL-VaPUC
008 040116e19390000CL |||||||||||||||||spa|d
082 0 4 |a 232  |b NUE  |2 21 
245 1 0 |a Nuestro hermano o la belleza de Jesús conocida a través de las sagradas escrituras 
300 |a 303 p 
942 |c BK 
945 |d 20040116 00:00:00  |a rbrito 
260 |a Santiago  |b Carmen Valle  |c 1939 
600 0 |a Jesucristo  |9 481811 
650 0 |a Cristología   |9 315091 
583 |a last modification  |c 20040116 00:00:00  |k Rodrigo Vera 
999 |c 307255  |d 307253 
952 |0 0  |1 0  |4 0  |6 232_000000000000000_NUE_1939  |7 0  |8 P  |9 373027  |a BIBTEO  |b BIBTES  |c TEO_FTES  |d 2019-11-21  |i 2087901  |o 232 NUE 1939  |p 2087901  |r 2024-01-18  |w 2019-11-21  |y BK  |k ICR